| 000 | 01362cam a22003617a 4500 | ||
|---|---|---|---|
| 003 | CHAP | ||
| 005 | 20220329133105.0 | ||
| 008 | 971013s1983 r 00010 d | ||
| 010 | _a2021 | ||
| 011 | _a2993 | ||
| 035 | _a2193 | ||
| 040 | _cCHAP | ||
| 090 | _aTesis | ||
| 100 | 0 | 0 |
_aPérez Torres, Carlos I. _990059 |
| 245 | 0 | _aEvaluación de la influencia de dos sistemas de cultivo, dos densidades de siembra y tres tipos de fertilización sobre el rendimiento de fruto de jitomate (Licopersicum esculentum L.) en la zona centro del estado de Veracruz | |
| 260 |
_aChapingo, Méx. : _bEl autor, _c1983 |
||
| 300 |
_a193 h. _b; ilus. |
||
| 502 | _aTesis (Ing. Agr. Esp. en Fitotecnia) -- UACH. Departamento de Fitotecnia | ||
| 590 |
_aALEPH _b10 _c20130110 _lUCH01 _h1211 |
||
| 590 |
_aBATCH-UPD _b10 _c20130110 _lUCH01 _h1118 |
||
| 590 |
_aBATCH-UPD _b10 _c20130410 _lUCH01 _h0709 |
||
| 590 |
_aBATCH-UPD _b10 _c20130914 _lUCH01 _h1405 |
||
| 590 |
_aCONVERSION _b10 _c20130109 _lUCH01 _h1302 |
||
| 650 | 1 | 4 |
_aFertilizantes para tomate. _940639 |
| 650 | 1 | 4 |
_aSistemas de cultivo. _9106746 |
| 650 | 1 | 4 |
_aTomate _xEspaciamiento. _9113716 |
| 650 | 1 | 4 |
_aTomate _xRendimiento. _9113761 |
| 650 | 1 | 4 |
_aTomate _zVeracruz. _9113790 |
| 901 | _aBK | ||
| 942 | _cFOLL | ||
| 949 |
_bBC _cTES _d-11691 _eTS1 _h23949 _i2193 _si |
||
| 949 |
_bBC _cTES _d-71458 _eTS2 _fc.2 _h23950 _i2193 _si |
||
| 999 |
_c2021 _d2021 |
||